000 00261 a2200121 4500
001 47516
040 _cAnchieta - Aquarius
240 1 0 _aA Bela e a fera
_lpor
245 1 0 _aA Bela e a fera
300 _a24p.
650 4 _aLiteratura infanto-juvenil
942 _cBK
999 _c47516
_d47516